[Event "GRENKE Chess Classic 2018"]
[Site "Karlsruhe/Baden Baden GER"]
[Date "2018.04.07"]
[Round "7.5"]
[White "Hou, Yifan"]
[Black "Bluebaum, Matthias"]
[Result "1/2-1/2"]
[WhiteTitle "GM"]
[BlackTitle "GM"]
[WhiteElo "2654"]
[BlackElo "2631"]
[WhiteFideId "8602980"]
[BlackFideId "24651516"]
[EventDate "2018.03.31"]

1. c4 e6 2. Nf3 d5 3. e3 Nf6 4. b3 Be7 5. Bb2 O-O 6. Nc3 c5 7. cxd5 Nxd5 8. Qc2
Nb4 9. Qb1 b6 10. a3 Nd5 11. Nxd5 exd5 12. d4 Nc6 13. Bb5 Bd7 14. O-O Nxd4 15.
Nxd4 cxd4 16. Bxd7 Qxd7 17. Bxd4 Rfc8 18. Rd1 Rc6 19. Qb2 Qf5 20. Qe2 Rc2 21.
Qf3 Qxf3 22. gxf3 Bh4 23. e4 dxe4 24. fxe4 Bg5 25. a4 Bd2 26. Rab1 Rac8 27. Rb2
Rxb2 28. Bxb2 Rc2 29. Bd4 f6 30. Kg2 Kf7 31. Kf3 Ke6 32. h3 h5 33. Ke2 Bf4+ 34.
Kf3 Bd2 35. Ke2 Bf4+ 36. Kf3 g5 37. Rd3 Bd2 38. Ke2 Bf4+ 39. Kf3 Be5 40. Be3 Rb2
41. a5 bxa5 42. Bxa7 f5 43. exf5+ Kxf5 44. Kg2 g4 45. hxg4+ hxg4 46. Rd5 Rxb3 1/2-1/2

[Event "GRENKE Chess Classic 2018"]
[Site "Karlsruhe/Baden Baden GER"]
[Date "2018.04.08"]
[Round "8.1"]
[White "Naiditsch, Arkadij"]
[Black "Anand, Viswanathan"]
[Result "1/2-1/2"]
[WhiteTitle "GM"]
[BlackTitle "GM"]
[WhiteElo "2701"]
[BlackElo "2776"]
[WhiteFideId "4650891"]
[BlackFideId "5000017"]
[EventDate "2018.03.31"]

1. e4 e5 2. Nf3 Nc6 3. Bc4 Bc5 4. c3 Nf6 5. d4 exd4 6. e5 d5 7. Bb5 Ne4 8. cxd4
Bb6 9. Nc3 O-O 10. Be3 Bg4 11. h3 Bh5 12. Qc2 Bxf3 13. gxf3 Ng5 14. O-O-O Nxf3
15. Bxc6 bxc6 16. Qf5 Nh4 17. Qg4 Ng6 18. f4 Qh4 19. Rd3 Qxg4 20. hxg4 f5 21. g5
Kf7 22. Rxh7 Rh8 23. Rxh8 Rxh8 24. a3 Nf8 25. Ne2 Ke7 26. Rc3 Kd7 27. Kd2 Ne6
28. Rc1 g6 29. b4 a5 30. Kd3 axb4 31. axb4 Ba7 32. Ra1 Bb6 33. Ra6 Rb8 34. Ra2
Rh8 35. Ra1 Ke7 36. Ra2 Kd7 37. Ra1 Ke7 38. Ra2 1/2-1/2

[Event "GRENKE Chess Classic 2018"]
[Site "Karlsruhe/Baden Baden GER"]
[Date "2018.04.08"]
[Round "8.3"]
[White "Carlsen, Magnus"]
[Black "Vitiugov, Nikita"]
[Result "1/2-1/2"]
[WhiteTitle "GM"]
[BlackTitle "GM"]
[WhiteElo "2843"]
[BlackElo "2735"]
[WhiteFideId "1503014"]
[BlackFideId "4152956"]
[EventDate "2018.03.31"]

1. e4 e5 2. Nf3 Nc6 3. Bb5 a6 4. Ba4 Nf6 5. d3 b5 6. Bb3 Bc5 7. c3 O-O 8. O-O
Re8 9. Re1 h6 10. Nbd2 Bb6 11. Nf1 d6 12. Ng3 Be6 13. h3 Bxb3 14. axb3 d5 15.
Qe2 Bc5 16. b4 Bf8 17. Nd2 a5 18. bxa5 Rxa5 19. Rxa5 Nxa5 20. exd5 Qxd5 21. Nde4
Nxe4 22. dxe4 Qc4 23. Qf3 Qe6 24. Nf5 Nc4 25. h4 Kh7 26. h5 g6 27. Ne3 Nxe3 28.
hxg6+ fxg6 29. Bxe3 Bd6 30. Qe2 Qc4 31. Qxc4 bxc4 32. Ra1 Rb8 33. Bc1 Rb6 34.
Ra4 Rc6 35. Be3 h5 36. Kf1 Kg7 37. Ke2 Kf6 38. Kd1 Ke6 39. Kc2 Be7 40. f3 Bh4
41. Ra5 Bg3 42. Bc5 g5 43. Bb4 g4 44. fxg4 hxg4 45. Ra8 Kf7 46. Rc8 Bf4 47. Kd1
Kg7 48. Ke2 Kf7 49. Rf8+ Kg7 50. Rd8 Kf7 51. Kf2 Kg7 52. Rd7+ Kf6 53. g3 Bc1 54.
Rd1 Bg5 55. Ke2 Ke6 56. Rh1 Ra6 57. Ba3 Rb6 58. Rh7 Rb7 59. Kd1 Rb8 60. Kc2 Rd8
61. Rg7 Rd2+ 62. Kc1 Bf6 63. Kxd2 Bxg7 64. Bc5 Kd7 65. Be3 1/2-1/2

[Event "GRENKE Chess Classic 2018"]
[Site "Karlsruhe/Baden Baden GER"]
[Date "2018.04.08"]
[Round "8.4"]
[White "Caruana, Fabiano"]
[Black "Aronian, Levon"]
[Result "1/2-1/2"]
[WhiteTitle "GM"]
[BlackTitle "GM"]
[WhiteElo "2784"]
[BlackElo "2794"]
[WhiteFideId "2020009"]
[BlackFideId "13300474"]
[EventDate "2018.03.31"]

1. e4 e5 2. Nf3 Nc6 3. Bb5 Nf6 4. O-O Nxe4 5. Re1 Nd6 6. Nxe5 Be7 7. Bf1 Nxe5 8.
Rxe5 O-O 9. d4 Bf6 10. Re1 Nf5 11. d5 Re8 12. Bd3 Rxe1+ 13. Qxe1 Qe7 14. Qxe7
Nxe7 15. d6 cxd6 16. Na3 d5 17. Nb5 d6 18. Nxd6 Nc6 19. Bf4 Be6 20. Nxb7 Nb4 21.
Nc5 Bxb2 22. Rb1 Nxd3 23. cxd3 Bd4 24. Be3 Bxc5 25. Bxc5 d4 26. Bxa7 Bxa2 27.
Rb8+ Rxb8 28. Bxb8 Bb1 29. Ba7 Ba2 30. Bb8 Bb1 31. Ba7 Ba2 32. Bb8 1/2-1/2

[Event "GRENKE Chess Classic 2018"]
[Site "Karlsruhe/Baden Baden GER"]
[Date "2018.04.09"]
[Round "9.2"]
[White "Aronian, Levon"]
[Black "Bluebaum, Matthias"]
[Result "1/2-1/2"]
[WhiteTitle "GM"]
[BlackTitle "GM"]
[WhiteElo "2794"]
[BlackElo "2631"]
[WhiteFideId "13300474"]
[BlackFideId "24651516"]
[EventDate "2018.03.31"]

1. d4 Nf6 2. c4 e6 3. Nf3 d5 4. Nc3 Bb4 5. Bg5 dxc4 6. e4 c5 7. Bxc4 cxd4 8.
Nxd4 Bxc3+ 9. bxc3 Qa5 10. Bb5+ Bd7 11. Bxf6 gxf6 12. Bxd7+ Nxd7 13. O-O Qxc3
14. Rc1 Qa5 15. Rb1 Rd8 16. Rxb7 Ne5 17. f4 Nc6 18. Nxc6 Qc5+ 19. Kh1 Qxc6 20.
Qb3 Qxe4 21. f5 O-O 22. fxe6 fxe6 23. Rxa7 Rf7 24. Rxf7 Kxf7 25. Qc3 Qd4 26. Qf3
Rd5 27. h3 h5 28. a4 h4 29. Qf4 Qxf4 30. Rxf4 Rd1+ 31. Kh2 e5 32. Rxh4 f5 33.
Rb4 Ra1 34. h4 Kg6 35. g4 fxg4 36. Rxg4+ Kf5 37. Rb4 e4 38. Kg2 Kf4 39. h5 Ra2+
40. Kh3 Ra3+ 41. Kg2 Ra2+ 1/2-1/2

[Event "GRENKE Chess Classic 2018"]
[Site "Karlsruhe/Baden Baden GER"]
[Date "2018.04.09"]
[Round "9.3"]
[White "Vitiugov, Nikita"]
[Black "Caruana, Fabiano"]
[Result "0-1"]
[WhiteTitle "GM"]
[BlackTitle "GM"]
[WhiteElo "2735"]
[BlackElo "2784"]
[WhiteFideId "4152956"]
[BlackFideId "2020009"]
[EventDate "2018.03.31"]

1. e4 e5 2. Nf3 Nf6 3. d4 Nxe4 4. dxe5 d5 5. Nbd2 Qd7 6. Bd3 Nc5 7. Be2 g6 8.
Nb3 Ne6 9. Be3 c5 10. Ng5 b6 11. Nxe6 fxe6 12. a4 Bb7 13. O-O Nc6 14. f4 Bh6 15.
a5 Ne7 16. Bg4 d4 17. Bc1 O-O 18. Qd3 Bd5 19. Qh3 Bg7 20. Nd2 Nf5 21. c4 dxc3
22. bxc3 Rad8 23. axb6 axb6 24. Re1 b5 25. Ne4 Qe7 26. Ng5 h6 27. Nf3 Bc6 28.
Bxf5 gxf5 29. Be3 Rd3 30. Rac1 Ra8 31. Qh4 Qxh4 32. Nxh4 c4 33. Kf2 Bf8 34. Nf3
Bd5 35. Nd4 Bc5 36. Nxf5 Ba3 37. Nxh6+ Kg7 38. f5 Bxc1 39. Bxc1 Rxc3 40. f6+ Kg6 0-1

[Event "GRENKE Chess Classic 2018"]
[Site "Karlsruhe/Baden Baden GER"]
[Date "2018.04.09"]
[Round "9.4"]
[White "Anand, Viswanathan"]
[Black "Carlsen, Magnus"]
[Result "1/2-1/2"]
[WhiteTitle "GM"]
[BlackTitle "GM"]
[WhiteElo "2776"]
[BlackElo "2843"]
[WhiteFideId "5000017"]
[BlackFideId "1503014"]
[EventDate "2018.03.31"]

1. e4 c5 2. Nf3 d6 3. d4 cxd4 4. Nxd4 Nf6 5. Nc3 Nc6 6. Bg5 e6 7. Qd2 a6 8.
O-O-O Bd7 9. f3 Nxd4 10. Qxd4 Be7 11. Kb1 b5 12. Bxf6 gxf6 13. Ne2 Rc8 14. Qd2
Qb6 15. Nf4 h5 16. g3 Rc7 17. Bd3 Kd8 18. c3 Kc8 19. Bc2 Kb8 20. a3 a5 21. Bb3
Rb7 22. Nd3 Bc6 23. Rhe1 Rd8 24. f4 d5 25. exd5 exd5 26. Ka1 Bf8 27. Rc1 Ka7 28.
Ba2 Rc7 29. Red1 Bb7 30. Ne1 d4 31. Nc2 d3 32. Nd4 Bc5 33. Qxd3 Bxd4 34. cxd4
Rxd4 35. Qe2 Rxc1+ 36. Rxc1 b4 37. Bxf7 h4 38. Qe3 Rd7 39. Qxb6+ Kxb6 40. Be6
Rd2 41. gxh4 1/2-1/2

[Event "GRENKE Chess Classic 2018"]
[Site "Karlsruhe/Baden Baden GER"]
[Date "2018.04.09"]
[Round "9.5"]
[White "Vachier-Lagrave, Maxime"]
[Black "Meier, Georg"]
[Result "1/2-1/2"]
[WhiteTitle "GM"]
[BlackTitle "GM"]
[WhiteElo "2789"]
[BlackElo "2648"]
[WhiteFideId "623539"]
[BlackFideId "4675789"]
[EventDate "2018.03.31"]

1. Nf3 d5 2. g3 Nf6 3. Bg2 e6 4. O-O Be7 5. d4 b5 6. Qd3 O-O 7. Bg5 c6 8. Nbd2
a5 9. e4 Ba6 10. Rfe1 h6 11. Bxf6 Bxf6 12. c3 b4 13. c4 dxc4 14. Nxc4 Ra7 15.
Qc2 Bxc4 16. Qxc4 Rd7 17. Rad1 Qb6 18. Bf1 Rfd8 19. e5 Be7 20. Rc1 Qa7 21. Rc2
c5 22. Rec1 cxd4 23. Qd3 a4 24. b3 axb3 25. axb3 Qa5 26. Rc8 g6 27. h4 Kg7 28.
h5 gxh5 29. Be2 Rxc8 30. Rxc8 Rd8 31. Rxd8 Bxd8 32. Qe4 Nd7 33. Bd3 Nf8 34. Nxd4
Qc5 35. Nf3 Bb6 36. Qe2 Nd7 37. Kg2 Qd5 38. Bc4 Qc5 39. Bb5 Nf8 40. Bd3 Nd7 41.
Bb5 Nf8 42. Bd3 Ng6 43. Qc2 Qc3 44. Be4 Bc7 45. Bxg6 fxg6 46. Qe4 Qc5 47. Qh4
Bxe5 48. Nxe5 Qxe5 49. Qe7+ Kg8 50. Qe8+ Kg7 51. Qe7+ Kg8 52. Qe8+ 1/2-1/2